[Event "Joao Pessoa Fischer Memorial 7th"]
[Site "Joao Pessoa"]
[Date "2016.03.13"]
[Round "5"]
[White "Rocha, Vitor Firmo de Souz"]
[Black "Xavier, Lucca Lucas"]
[Result "1-0"]
[WhiteElo "2119"]
[BlackElo "2016"]
[PlyCount "67"]
[EventDate "2016.03.11"]
[EventType "swiss"]
[EventRounds "6"]
[EventCountry "BRA"]
[SourceTitle "CBM 171 Extra"]
[Source "ChessBase"]
[SourceDate "2016.04.26"]
[SourceVersion "1"]
[SourceVersionDate "2016.04.26"]
[SourceQuality "1"]

1. e4 e5 2. Nf3 Nc6 3. Bb5 a6 4. Ba4 Nf6 5. 0-0 d6 6. Re1 b5 7. Bb3 Be7 8. c3 Na5 9. Bc2 c5 10. d4 Qc7 11. Nbd2 cxd4 12. cxd4 0-0 13. h3 Bb7 14. d5 Rac8 15. Bb1 Nd7 16. Nf1 Nc4 17. b3 Ncb6 18. Bb2 f5 19. Ne3 fxe4 20. Bxe4 Nf6 21. Bf5 Rce8 22. Rc1 Qb8 23. Be6+ Kh8 24. Ng5 g6 25. f4 exf4 26. Ng4 Kg7 27. Ne4 Qd8 28. Nexf6 Bxf6 29. Nxf6 Rxf6 30. Bxf6+ Qxf6 31. Rc7+ Kh6 32. Rxb7 Nc8 33. Qa1 Qxa1 34. Rxa1 1-0

[Event "Joao Pessoa Fischer Memorial 7th"]
[Site "Joao Pessoa"]
[Date "2016.03.12"]
[Round "4"]
[White "Xavier, Lucca Lucas"]
[Black "Fiaes, Mario Henrique"]
[Result "1/2-1/2"]
[WhiteElo "2016"]
[BlackElo "2131"]
[PlyCount "151"]
[EventDate "2016.03.11"]
[EventType "swiss"]
[EventRounds "6"]
[EventCountry "BRA"]
[SourceTitle "CBM 171 Extra"]
[Source "ChessBase"]
[SourceDate "2016.04.26"]
[SourceVersion "1"]
[SourceVersionDate "2016.04.26"]
[SourceQuality "1"]

1. e4 d5 2. exd5 Qxd5 3. Nc3 Qa5 4. d4 Nf6 5. Nf3 c6 6. Bd3 Bg4 7. h3 Bh5 8. 0-0 e6 9. Bf4 Nbd7 10. a3 Be7 11. b4 Qd8 12. Na4 0-0 13. c4 Qc8 14. Re1 Rd8 15. Rc1 Nb6 16. g4 Bg6 17. Bxg6 hxg6 18. Nc5 Nbd7 19. Qe2 Nxc5 20. dxc5 b6 21. cxb6 axb6 22. Qe3 c5 23. b5 Ra4 24. Ne5 Qa8 25. Nxf7 Re8 26. Ng5 Bd8 27. Rc3 e5 28. Bg3 Bc7 29. Ne4 Nh7 30. Bh4 Nf8 31. Ng5 Rd8 32. Qf3 Qxf3 33. Nxf3 Rda8 34. Nxe5 Rxa3 35. Rxa3 Rxa3 36. Bg3 Rc3 37. Re4 Rc1+ 38. Kh2 Rd1 39. Nc6 Bxg3+ 40. Kxg3 Rc1 41. Ne7+ Kh7 42. Nd5 g5 43. Nxb6 Ng6 44. Nd5 Nh4 45. f4 Rg1+ 46. Kf2 Rg2+ 47. Ke3 Rg3+ 48. Kd2 Nf3+ 49. Kd1 Rg1+ 50. Kc2 Rg2+ 51. Kc1 Nd2 52. Ne3 Nb3+ 53. Kd1 Rg1+ 54. Kc2 Nd4+ 55. Kd3 gxf4 56. Rxf4 Rb1 57. Rf7 Rb3+ 58. Ke4 Ne6 59. Rf5 Kg6 60. Re5 Kf7 61. Kd5 Nf4+ 62. Kc6 Ng6 63. Rf5+ Ke6 64. Nd5 Ne5+ 65. Kxc5 Nd3+ 66. Kc6 Ne5+ 67. Rxe5+ Kxe5 68. b6 Kd4 69. b7 Rxb7 70. Kxb7 Kxc4 71. Ne7 Kd3 72. h4 Ke4 73. Nf5 Kf4 74. Nxg7 Kxg4 75. h5 Kg5 76. Kc6 1/2-1/2

[Event "Potiguar-ch"]
[Site "Macaiba"]
[Date "2015.12.12"]
[Round "2.4"]
[White "Xavier, Lucca Lucas"]
[Black "Ananias, Thales Rodrigo Lima"]
[Result "1-0"]
[WhiteElo "2019"]
[BlackElo "1506"]
[PlyCount "31"]
[EventDate "2015.12.12"]
[EventType "swiss"]
[EventRounds "5"]
[EventCountry "BRA"]
[SourceTitle "EXT 2022"]
[Source "ChessBase"]
[SourceDate "2021.10.06"]
[SourceVersion "1"]
[SourceVersionDate "2021.10.06"]
[SourceQuality "1"]

1. e4 c5 2. Nf3 g6 3. c3 Bg7 4. d4 d6 5. dxc5 Bg4 6. Bc4 Nc6 7. Bxf7+ Kxf7 8. Ng5+ Ke8 9. Qxg4 Nf6 10. Qe6 Ne5 11. 0-0 Qd7 12. cxd6 Qxe6 13. Nxe6 Bf8 14. Nc7+ Kd7 15. Nxa8 b6 16. Nc7 1-0

[Event "BRA-ch U26"]
[Site "Uberlandia"]
[Date "2015.10.15"]
[Round "1"]
[White "Ferreira, Raul Cesar Goes"]
[Black "Xavier, Lucca Lucas"]
[Result "0-1"]
[WhiteElo "1648"]
[BlackElo "2071"]
[PlyCount "88"]
[EventDate "2015.10.15"]
[EventType "swiss"]
[EventRounds "7"]
[EventCountry "BRA"]
[SourceTitle "CBM 168 Extra"]
[Source "ChessBase"]
[SourceDate "2015.10.29"]
[SourceVersion "1"]
[SourceVersionDate "2015.10.29"]
[SourceQuality "1"]

1. d4 Nf6 2. Nf3 d5 3. c4 e6 4. Nc3 Nbd7 5. Bg5 Be7 6. e3 0-0 7. Bd3 h6 8. Bh4 b6 9. cxd5 Nxd5 10. Nxd5 exd5 11. Bxe7 Qxe7 12. 0-0 c5 13. dxc5 bxc5 14. Rc1 Bb7 15. Re1 Rfc8 16. Qc2 g6 17. Qa4 c4 18. Be2 Nc5 19. Qc2 Rab8 20. Nd4 Qf6 21. Red1 a5 22. Rb1 Ba6 23. Qc3 Ne4 24. Qe1 a4 25. f3 Nc5 26. Qc3 Re8 27. Re1 Qe5 28. Kf2 Qxh2 29. Rh1 Qe5 30. Nc6 Qxc3 31. bxc3 Rxb1 32. Rxb1 a3 33. Rb6 Bc8 34. Nb4 Na4 35. Rd6 Nxc3 36. Nxd5 Nxd5 37. Rxd5 Be6 38. Ra5 Rc8 39. Ke1 c3 40. Kd1 c2+ 41. Kc1 Rc3 42. e4 Bxa2 43. Ra8+ Kg7 44. Rd8 Bb3 0-1

[Event "Natal Potiguar op 10th"]
[Site "Natal"]
[Date "2015.07.05"]
[Round "6"]
[White "Queiroz, Matheus Erick Silva"]
[Black "Xavier, Lucca Lucas"]
[Result "0-1"]
[WhiteElo "1874"]
[BlackElo "2046"]
[PlyCount "63"]
[EventDate "2015.07.03"]
[EventType "swiss"]
[EventRounds "6"]
[EventCountry "BRA"]
[SourceTitle "CBM 167 Extra"]
[Source "ChessBase"]
[SourceDate "2015.09.14"]
[SourceVersion "1"]
[SourceVersionDate "2015.09.14"]
[SourceQuality "1"]

1. d4 Nf6 2. Nf3 d5 3. Bf4 c5 4. c3 cxd4 5. cxd4 Qb6 6. Qc1 Nc6 7. e3 Bf5 8. a3 Rc8 9. Nc3 e6 10. Bb5 Be7 11. Ne5 0-0 12. Bxc6 bxc6 13. 0-0 c5 14. dxc5 Rxc5 15. Qd2 Qb3 16. Rfe1 Rd8 17. f3 Nh5 18. g4 Nxf4 19. exf4 d4 20. Nd1 Bc2 21. Nf2 Bh4 22. Rec1 Bxf2+ 23. Qxf2 f6 24. Qh4 Rdd5 25. Rf1 Qe3+ 26. Kh1 Qxf4 27. Qh5 g6 28. Nxg6 Bxg6 29. Qh3 d3 30. Qg2 d2 31. Qe2 Qe5 32. Qa6 0-1

[Event "Natal Academia Potiguar 8th"]
[Site "Natal"]
[Date "2015.06.06"]
[Round "3.2"]
[White "Silva, Carolina Alves"]
[Black "Xavier, Lucca Lucas"]
[Result "1-0"]
[WhiteElo "1815"]
[BlackElo "2031"]
[PlyCount "71"]
[EventDate "2015.06.05"]
[EventType "swiss"]
[EventRounds "5"]
[EventCountry "BRA"]
[SourceTitle "EXT 2022"]
[Source "ChessBase"]
[SourceDate "2021.10.06"]
[SourceVersion "1"]
[SourceVersionDate "2021.10.06"]
[SourceQuality "1"]

1. e4 e5 2. Nf3 Nc6 3. Nc3 Nf6 4. Bb5 Bc5 5. 0-0 d6 6. d4 exd4 7. Nxd4 Bd7 8. Nxc6 Bxc6 9. Bxc6+ bxc6 10. Qf3 0-0 11. Bg5 Rb8 12. e5 dxe5 13. Qxc6 Qd6 14. Qxd6 cxd6 15. Rab1 Bd4 16. Bxf6 Bxc3 17. Be7 Rxb2 18. Rxb2 Bxb2 19. Bxf8 Kxf8 20. Rb1 Bd4 21. Rb7 g6 22. Kf1 Kg7 23. f3 Kf6 24. Ke2 Ke6 25. Kd3 h5 26. f4 f6 27. Rg7 Kf5 28. fxe5 fxe5 29. Rf7+ Ke6 30. Rf8 Bc5 31. c4 Bg1 32. h3 Ke7 33. Rf1 Bc5 34. Ke4 Bb6 35. g4 hxg4 36. hxg4 1-0

[Event "Natal Academia Potiguar 8th"]
[Site "Natal"]
[Date "2015.06.06"]
[Round "2.4"]
[White "Xavier, Lucca Lucas"]
[Black "Oliveira Jr, Antonio Fernandes"]
[Result "1-0"]
[WhiteElo "2031"]
[BlackElo "1851"]
[PlyCount "59"]
[EventDate "2015.06.05"]
[EventType "swiss"]
[EventRounds "5"]
[EventCountry "BRA"]
[SourceTitle "EXT 2022"]
[Source "ChessBase"]
[SourceDate "2021.10.06"]
[SourceVersion "1"]
[SourceVersionDate "2021.10.06"]
[SourceQuality "1"]

1. e4 c5 2. Nf3 e6 3. Nc3 Nc6 4. d4 cxd4 5. Nxd4 Qc7 6. f4 a6 7. Be2 Bb4 8. Nxc6 Bxc3+ 9. bxc3 bxc6 10. Qd4 Nf6 11. e5 Nd5 12. Ba3 Qa5 13. Bb4 Qa4 14. 0-0 Qxc2 15. Bd1 Qb2 16. Bb3 Nxb4 17. Qxb4 a5 18. Qd6 Qxc3 19. Rac1 Qb4 20. Rc5 Ba6 21. Rd1 Bc8 22. f5 Qb8 23. Qd3 a4 24. fxe6 0-0 25. exf7+ Kh8 26. Bc2 g6 27. e6 dxe6 28. Qd4+ e5 29. Rxe5 Qa7 30. Rc5# 1-0

[Event "Natal Academia Potiguar 8th"]
[Site "Natal"]
[Date "2015.06.05"]
[Round "1.4"]
[White "Marques, Dayvid Geverson Lop"]
[Black "Xavier, Lucca Lucas"]
[Result "0-1"]
[WhiteElo "1556"]
[BlackElo "2031"]
[PlyCount "88"]
[EventDate "2015.06.05"]
[EventType "swiss"]
[EventRounds "5"]
[EventCountry "BRA"]
[SourceTitle "EXT 2022"]
[Source "ChessBase"]
[SourceDate "2021.10.06"]
[SourceVersion "1"]
[SourceVersionDate "2021.10.06"]
[SourceQuality "1"]

1. e4 e5 2. Nf3 Nc6 3. Bb5 a6 4. Ba4 Nf6 5. Nc3 Bc5 6. d3 d6 7. Bg5 h6 8. Bh4 g5 9. Bg3 b5 10. Bb3 Nd4 11. Nxd4 Bxd4 12. Rb1 c6 13. f3 Nh5 14. Ne2 Nxg3 15. Nxg3 h5 16. c3 Ba7 17. d4 exd4 18. cxd4 Qa5+ 19. Kf2 Qb6 20. Ne2 c5 21. Bd5 Rb8 22. Qd3 Be6 23. Bxe6 fxe6 24. Rhd1 cxd4 25. Kf1 e5 26. Rbc1 Kd7 27. Rc2 Rhc8 28. Rdc1 b4 29. Rxc8 Rxc8 30. Rxc8 Kxc8 31. Ke1 Qa5 32. Qc2+ Bc5 33. b3 d3 34. Qxd3 Qxa2 35. Qc4 Qa5 36. Qg8+ Kb7 37. Qd5+ Kb6 38. Qd1 Qa2 39. Kf1 a5 40. g3 a4 41. bxa4 b3 42. Qd3 Qxa4 43. Qb1 Qa2 44. Qe1 Qc2 0-1

[Event "Recife Arraes Memorial 8th"]
[Site "Recife"]
[Date "2015.05.03"]
[Round "5"]
[White "Xavier, Lucca Lucas"]
[Black "De Araujo, Marco Antonio Sena"]
[Result "1/2-1/2"]
[WhiteElo "2044"]
[BlackElo "1574"]
[PlyCount "55"]
[EventDate "2015.05.01"]
[EventType "swiss"]
[EventRounds "6"]
[EventCountry "BRA"]
[SourceTitle "EXT 2018"]
[Source "ChessBase"]
[SourceDate "2017.10.13"]
[SourceVersion "1"]
[SourceVersionDate "2017.10.13"]
[SourceQuality "1"]

1. e4 e6 2. d4 d5 3. Nc3 Bb4 4. a3 Bxc3+ 5. bxc3 dxe4 6. Qg4 g6 7. Qxe4 Nd7 8. Nf3 Ngf6 9. Qh4 c5 10. Bg5 cxd4 11. Qxd4 h6 12. Bf4 Qb6 13. Bd3 Qxd4 14. cxd4 b6 15. 0-0 Bb7 16. Nd2 Bd5 17. Nc4 Bxc4 18. Bxc4 Rc8 19. Bd3 Nd5 20. Bd2 Ne7 21. Rfe1 Nf6 22. c4 Kf8 23. Bc3 Kg7 24. Bb2 Rc7 25. a4 Rb8 26. Reb1 Rcb7 27. Bc3 Ne8 28. d5+ 1/2-1/2

[Event "Rio Grande do Norte zt CBX"]
[Site "Natal"]
[Date "2015.03.27"]
[Round "1.8"]
[White "Da Silva Filho, Ibernon Luiz"]
[Black "Xavier, Lucca Lucas"]
[Result "0-1"]
[WhiteElo "1701"]
[BlackElo "2007"]
[PlyCount "82"]
[EventDate "2015.03.27"]
[EventType "swiss"]
[EventRounds "5"]
[EventCountry "BRA"]
[SourceTitle "EXT 2022"]
[Source "ChessBase"]
[SourceDate "2021.10.06"]
[SourceVersion "1"]
[SourceVersionDate "2021.10.06"]
[SourceQuality "1"]

1. c4 e5 2. g3 Nc6 3. Bg2 Nf6 4. Nc3 Bc5 5. e3 0-0 6. Nge2 d6 7. a3 Bb6 8. h3 Bf5 9. b4 Bd3 10. Qb3 e4 11. Nf4 Ne5 12. Nxd3 Nxd3+ 13. Ke2 Re8 14. a4 c6 15. a5 Bc7 16. Ba3 d5 17. Nd1 Nh5 18. g4 Qg5 19. Nb2 Nxf2 20. Kxf2 Qh4+ 21. Kg1 Ng3 22. Qd1 Nxh1 23. Kxh1 Qg3 24. Qg1 h5 25. Bf1 Qe5 26. Be2 hxg4 27. Bxg4 f5 28. Be2 Re6 29. d4 exd3 30. Nxd3 Qe4+ 31. Qg2 Qxg2+ 32. Kxg2 Rxe3 33. Nc1 Rae8 34. Bf1 Rg3+ 35. Kf2 Ree3 36. Bb2 Ref3+ 37. Ke1 Rg1 38. Bd4 Rfxf1+ 39. Kd2 Rxc1 40. Rxc1 Bf4+ 41. Be3 Bxe3+ 0-1

[Event "American Continental 10th"]
[Site "Praia da Pipa"]
[Date "2014.10.22"]
[Round "7"]
[White "Xavier, Lucca Lucas"]
[Black "Caetano, Hugo Zanotti Mendon"]
[Result "0-1"]
[WhiteElo "2039"]
[BlackElo "2209"]
[PlyCount "46"]
[EventDate "2014.10.18"]
[EventType "swiss"]
[EventRounds "11"]
[EventCountry "BRA"]
[SourceTitle "EXT 2015"]
[Source "ChessBase"]
[SourceDate "2014.11.20"]
[SourceVersion "1"]
[SourceVersionDate "2014.11.20"]
[SourceQuality "1"]

1. e4 c5 2. Nf3 Nc6 3. Nc3 g6 4. Bc4 Bg7 5. 0-0 Nf6 6. e5 Ng8 7. d4 cxd4 8. Nd5 Nxe5 9. Bf4 d6 10. Bb5+ Bd7 11. Qe2 Nxf3+ 12. gxf3 e5 13. c3 d3 14. Bxd3 Bc6 15. Bc4 Nf6 16. Bg5 h6 17. Bxf6 Bxf6 18. f4 0-0 19. Rad1 exf4 20. Nxf4 Be5 21. Qg4 Kh7 22. Bd3 Qf6 23. Nh5 Qf3 0-1

[Event "American Continental 10th"]
[Site "Praia da Pipa"]
[Date "2014.10.19"]
[Round "2"]
[White "Leao, Flavio Sanchez"]
[Black "Xavier, Lucca Lucas"]
[Result "0-1"]
[WhiteElo "1847"]
[BlackElo "2039"]
[PlyCount "36"]
[EventDate "2014.10.18"]
[EventType "swiss"]
[EventRounds "11"]
[EventCountry "BRA"]
[SourceTitle "EXT 2015"]
[Source "ChessBase"]
[SourceDate "2014.11.20"]
[SourceVersion "1"]
[SourceVersionDate "2014.11.20"]
[SourceQuality "1"]

1. e4 e5 2. Nf3 Nc6 3. d4 exd4 4. Nxd4 Nf6 5. Nc3 Bb4 6. Nxc6 bxc6 7. Bd3 0-0 8. 0-0 Re8 9. Re1 Rb8 10. a3 Bc5 11. e5 Nd5 12. Nxd5 cxd5 13. b4 Bf8 14. Qh5 g6 15. Qg4 d6 16. Qg3 dxe5 17. Rxe5 Rxe5 18. Qxe5 Bg7 0-1

[Event "American Continental 10th"]
[Site "Praia da Pipa"]
[Date "2014.10.19"]
[Round "3"]
[White "Xavier, Lucca Lucas"]
[Black "Teixeira, Ricardo da Silva"]
[Result "0-1"]
[WhiteElo "2039"]
[BlackElo "2220"]
[PlyCount "84"]
[EventDate "2014.10.18"]
[EventType "swiss"]
[EventRounds "11"]
[EventCountry "BRA"]
[SourceTitle "EXT 2015"]
[Source "ChessBase"]
[SourceDate "2014.11.20"]
[SourceVersion "1"]
[SourceVersionDate "2014.11.20"]
[SourceQuality "1"]

1. e4 e6 2. d4 d5 3. Nc3 Bb4 4. a3 Bxc3+ 5. bxc3 dxe4 6. Qg4 Nf6 7. Qxg7 Rg8 8. Qh6 Nbd7 9. Ne2 b6 10. Ng3 Bb7 11. Bg5 Qe7 12. Bb5 c6 13. Be2 Qf8 14. Qh4 Qg7 15. Bxf6 Nxf6 16. Nxe4 Nxe4 17. Qxe4 Qxg2 18. Qxg2 Rxg2 19. Bf3 Rg7 20. a4 0-0-0 21. a5 c5 22. Bxb7+ Kxb7 23. axb6 axb6 24. dxc5 Rg5 25. cxb6 Re5+ 26. Kf1 Rd2 27. Kg2 Rg5+ 28. Kh3 Rxf2 29. Rhb1 f5 30. Ra7+ Kb8 31. Ra4 h5 32. b7 Rf3+ 33. Kh4 Rg4+ 34. Rxg4 hxg4 35. Re1 Rh3+ 36. Kg5 Rxh2 37. Rxe6 Rf2 38. Kh4 Kxb7 39. Kg3 Rf3+ 40. Kg2 Rxc3 41. Rf6 Rxc2+ 42. Kg3 Rc3+ 0-1

[Event "Potiguar-ch"]
[Site "Natal"]
[Date "2014.08.17"]
[Round "5"]
[White "Silveira Filho, Neri da Silva"]
[Black "Xavier, Lucca Lucas"]
[Result "1-0"]
[WhiteElo "2202"]
[BlackElo "1989"]
[PlyCount "67"]
[EventDate "2014.08.15"]
[EventType "swiss"]
[EventRounds "9"]
[EventCountry "BRA"]
[SourceTitle "CBM 162 Extra"]
[Source "ChessBase"]
[SourceDate "2014.10.17"]
[SourceVersion "1"]
[SourceVersionDate "2014.10.17"]
[SourceQuality "1"]

1. d4 Nf6 2. Nc3 d5 3. Bg5 c5 4. Nf3 cxd4 5. Nxd4 e5 6. Nb3 d4 7. Nb1 a5 8. e4 a4 9. N3d2 Qa5 10. Bd3 Be6 11. 0-0 Nc6 12. Qe2 Nd7 13. Nc4 Qc5 14. Nba3 Bxc4 15. Bxc4 Nb6 16. Bd3 Be7 17. Bd2 0-0 18. Nc4 Rfc8 19. Nxb6 Qxb6 20. a3 Qc5 21. Qg4 b5 22. f4 b4 23. axb4 Nxb4 24. Bxb4 Qxb4 25. fxe5 Qxb2 26. Rxa4 Qb7 27. Rxa8 Rxa8 28. e6 Ra7 29. Rxf7 Qb1+ 30. Kf2 g6 31. Qf4 Ra1 32. Kg3 Qe1+ 33. Kh3 Qb4 34. Qh6 1-0

[Event "Joao Pessoa-ch"]
[Site "Joao Pessoa"]
[Date "2014.08.03"]
[Round "5"]
[White "Araujo, Jose Roberto"]
[Black "Xavier, Lucca Lucas"]
[Result "1-0"]
[WhiteElo "2191"]
[BlackElo "1989"]
[PlyCount "111"]
[EventDate "2014.08.01"]
[EventType "swiss"]
[EventRounds "6"]
[EventCountry "BRA"]
[SourceTitle "CBM 161 Extra"]
[Source "ChessBase"]
[SourceDate "2014.08.29"]
[SourceVersion "1"]
[SourceVersionDate "2014.08.29"]
[SourceQuality "1"]

1. d4 Nf6 2. c4 e6 3. Nc3 d5 4. cxd5 exd5 5. Bg5 c6 6. Qc2 h6 7. Bh4 Bd6 8. e3 0-0 9. Bd3 Re8 10. a3 a6 11. Nf3 Be6 12. Bg3 Bxg3 13. hxg3 Nbd7 14. 0-0 Qc7 15. Rfc1 Qd6 16. Na4 Ne4 17. Bxe4 dxe4 18. Nd2 f5 19. b4 b5 20. Nc5 Nxc5 21. Qxc5 Qxc5 22. Rxc5 Bd5 23. a4 bxa4 24. Rxa4 Reb8 25. Nc4 Bxc4 26. Rxc4 Rb6 27. Kf1 Rab8 28. Ke2 a5 29. Rxa5 Rxb4 30. Rxb4 Rxb4 31. Rxf5 Rb2+ 32. Kf1 Rb1+ 33. Ke2 Rb2+ 34. Ke1 Rb1+ 35. Kd2 Rb2+ 36. Kc3 Re2 37. g4 Kh7 38. Kb4 Rc2 39. Rf4 Kg6 40. f3 Rb2+ 41. Kc5 Rc2+ 42. Kd6 Rxg2 43. Rxe4 Rc2 44. Rf4 Kg5 45. Rf5+ Kh4 46. e4 Rc4 47. e5 Rxd4+ 48. Kxc6 g6 49. Rf8 h5 50. gxh5 gxh5 51. e6 Rd3 52. e7 Re3 53. e8Q Rxe8 54. Rxe8 Kg3 55. Rh8 h4 56. f4 1-0

[Event "Joao Pessoa-ch"]
[Site "Joao Pessoa"]
[Date "2014.08.02"]
[Round "4"]
[White "Xavier, Lucca Lucas"]
[Black "Macedo, Alexandre Soares"]
[Result "1-0"]
[WhiteElo "1989"]
[BlackElo "1873"]
[PlyCount "91"]
[EventDate "2014.08.01"]
[EventType "swiss"]
[EventRounds "6"]
[EventCountry "BRA"]
[SourceTitle "CBM 161 Extra"]
[Source "ChessBase"]
[SourceDate "2014.08.29"]
[SourceVersion "1"]
[SourceVersionDate "2014.08.29"]
[SourceQuality "1"]

1. e4 c6 2. d4 d5 3. Nd2 dxe4 4. Nxe4 e5 5. dxe5 Qa5+ 6. Bd2 Qxe5 7. Qe2 Bf5 8. 0-0-0 Nd7 9. Ng3 Qxe2 10. N1xe2 Be6 11. Nd4 Bxa2 12. Re1+ Kd8 13. Ba5+ Nb6 14. b3 Ba3+ 15. Kd2 Bb2 16. Bc3 Bxc3+ 17. Kxc3 Ne7 18. Kb2 Bxb3 19. cxb3 a5 20. Bc4 a4 21. Bxf7 a3+ 22. Ka2 Nbd5 23. Bxd5 Nxd5 24. Nc2 b5 25. Ne4 Rf8 26. f3 Kc7 27. Rc1 Rfd8 28. Rhd1 Kb6 29. Nd4 Nb4+ 30. Ka1 Rd5 31. Nc3 Rdd8 32. Na2 Nxa2 33. Kxa2 Rd6 34. Nf5 Rg6 35. Rc2 b4 36. Rd7 Rg5 37. g4 Rg6 38. Rxg7 Rxg7 39. Nxg7 Rd8 40. Ne6 Rd6 41. Ng5 h6 42. Nf7 Rf6 43. Ne5 Re6 44. f4 Kb5 45. h4 c5 46. g5 1-0

[Event "Natal Potiguar op 4th"]
[Site "Natal"]
[Date "2014.07.27"]
[Round "4"]
[White "Rocha, Vitor Firmo de Souz"]
[Black "Xavier, Lucca Lucas"]
[Result "0-1"]
[WhiteElo "2021"]
[BlackElo "1989"]
[PlyCount "74"]
[EventDate "2014.07.25"]
[EventType "swiss"]
[EventRounds "5"]
[EventCountry "BRA"]
[SourceTitle "EXT 2015"]
[Source "ChessBase"]
[SourceDate "2014.11.20"]
[SourceVersion "1"]
[SourceVersionDate "2014.11.20"]
[SourceQuality "1"]

1. e4 e5 2. Nf3 Nc6 3. Bb5 a6 4. Ba4 Nf6 5. 0-0 d6 6. Re1 b5 7. Bb3 Be7 8. c3 Na5 9. Bc2 c5 10. d4 Qc7 11. h3 cxd4 12. cxd4 0-0 13. Nbd2 Bb7 14. Nf1 Rfe8 15. Ng3 Rac8 16. Bd3 exd4 17. Nxd4 d5 18. e5 Bb4 19. Bd2 Bxd2 20. Qxd2 Rxe5 21. Rxe5 Qxe5 22. Ngf5 g6 23. Qh6 Ne4 24. f4 Qf6 25. Bxe4 dxe4 26. g4 Re8 27. Rc1 e3 28. g5 Qh8 29. Rc7 e2 30. Nxe2 Rxe2 31. Ne7+ Rxe7 32. Rxe7 Qd4+ 33. Kf1 Qc4+ 34. Ke1 Qb4+ 35. Kf1 Qxe7 36. Qh4 Nc4 37. Qf2 Qe3 0-1

[Event "Natal Potiguar op 4th"]
[Site "Natal"]
[Date "2014.07.27"]
[Round "5"]
[White "Xavier, Lucca Lucas"]
[Black "Pinheiro, Davi Sales"]
[Result "0-1"]
[WhiteElo "1989"]
[BlackElo "1988"]
[PlyCount "108"]
[EventDate "2014.07.25"]
[EventType "swiss"]
[EventRounds "5"]
[EventCountry "BRA"]
[SourceTitle "EXT 2015"]
[Source "ChessBase"]
[SourceDate "2014.11.20"]
[SourceVersion "1"]
[SourceVersionDate "2014.11.20"]
[SourceQuality "1"]

1. e4 c5 2. Nf3 d6 3. Bc4 Nc6 4. Nc3 Nf6 5. d4 cxd4 6. Nxd4 Bd7 7. 0-0 a6 8. Be3 e6 9. a3 Be7 10. f4 0-0 11. Qe1 Ng4 12. Nxc6 bxc6 13. Bd4 c5 14. Bxg7 Kxg7 15. Qg3 h5 16. h3 Bh4 17. Qd3 Nh6 18. Qxd6 Bf6 19. e5 Be7 20. Qd1 Nf5 21. Qxh5 Rh8 22. Qg4+ Kf8 23. Qf3 Qc8 24. Bd3 Nd4 25. Qe3 c4 26. Be4 Bc5 27. Kh2 Nxc2 28. Qe2 Nxa1 29. Bxa8 Nb3 30. Be4 Nd4 31. Qe1 Bc6 32. Bxc6 Qxc6 33. Ne4 Nc2 34. Qd2 Qxe4 35. Qd8+ Kg7 36. Qf6+ Kg8 37. Qd8+ Kh7 38. Qh4+ Kg8 39. Qd8+ Bf8 40. Qg5+ Qg6 41. Qd8 Ne3 42. Rg1 Nf5 43. g4 Nh4 44. Rc1 Nf3+ 45. Kg3 Qe4 46. Rf1 Ne1 47. Qg5+ Kh7 48. Qh5+ Kg8 49. Qg5+ Bg7 50. Qd8+ Kh7 51. Qh4+ Bh6 52. Kf2 Qxf4+ 53. Kg1 Nf3+ 54. Rxf3 Qxf3 0-1

[Event "Natal Potiguar op 4th"]
[Site "Natal"]
[Date "2014.07.26"]
[Round "2"]
[White "Macedo, Alexandre Soares"]
[Black "Xavier, Lucca Lucas"]
[Result "0-1"]
[WhiteElo "1873"]
[BlackElo "1989"]
[PlyCount "56"]
[EventDate "2014.07.25"]
[EventType "swiss"]
[EventRounds "5"]
[EventCountry "BRA"]
[SourceTitle "EXT 2015"]
[Source "ChessBase"]
[SourceDate "2014.11.20"]
[SourceVersion "1"]
[SourceVersionDate "2014.11.20"]
[SourceQuality "1"]

1. d4 Nf6 2. c4 e6 3. Nc3 d5 4. Bg5 Be7 5. e3 0-0 6. Bd3 h6 7. h4 b6 8. cxd5 exd5 9. Bf4 c5 10. dxc5 bxc5 11. Rc1 Nc6 12. a3 Qb6 13. Qc2 c4 14. Bf1 Re8 15. Nf3 d4 16. exd4 Nxd4 17. Nxd4 Qxd4 18. Be3 Qg4 19. Qd1 Rb8 20. Rc2 Qg6 21. Ne2 Nd5 22. Bxa7 Rb7 23. Bd4 Bd6 24. Rxc4 Nf4 25. Qc2 Bf5 26. Qd2 Bd3 27. Be3 Bxc4 28. Qxd6 Qxd6 0-1

[Event "Anapolis Liga University"]
[Site "Anapolis"]
[Date "2014.05.30"]
[Round "5.4"]
[White "Amorim, Daniel Madson De Me"]
[Black "Xavier, Lucca Lucas"]
[Result "1-0"]
[WhiteElo "2184"]
[BlackElo "2016"]
[PlyCount "53"]
[EventDate "2014.05.28"]
[EventType "swiss"]
[EventRounds "7"]
[EventCountry "BRA"]
[SourceTitle "EXT 2022"]
[Source "ChessBase"]
[SourceDate "2021.10.06"]
[SourceVersion "1"]
[SourceVersionDate "2021.10.06"]
[SourceQuality "1"]

1. d4 Nf6 2. Bg5 d5 3. e3 c5 4. c3 Nc6 5. Nd2 e5 6. dxe5 Nxe5 7. Bxf6 Qxf6 8. Ndf3 Be6 9. Nxe5 Qxe5 10. Bb5+ Kd8 11. Nf3 Qd6 12. Qd2 a6 13. Ba4 Kc7 14. Bc2 Qb6 15. 0-0 Qxb2 16. a4 Qb6 17. a5 Qd6 18. Rfb1 f6 19. Rb6 Qe7 20. Rab1 Ra7 21. e4 Qf7 22. exd5 Bd7 23. Qf4+ Kc8 24. Ne5 Qxd5 25. Nxd7 g5 26. Qb8+ Kxd7 27. Ba4+ 1-0

[Event "Anapolis Liga University"]
[Site "Anapolis"]
[Date "2014.05.28"]
[Round "2.7"]
[White "Reboucas, Darkenwald Pereira"]
[Black "Xavier, Lucca Lucas"]
[Result "0-1"]
[WhiteElo "1930"]
[BlackElo "2016"]
[PlyCount "60"]
[EventDate "2014.05.28"]
[EventType "swiss"]
[EventRounds "7"]
[EventCountry "BRA"]
[SourceTitle "EXT 2022"]
[Source "ChessBase"]
[SourceDate "2021.10.06"]
[SourceVersion "1"]
[SourceVersionDate "2021.10.06"]
[SourceQuality "1"]

1. d4 Nf6 2. c3 d5 3. Bf4 c5 4. e3 e6 5. Bxb8 Rxb8 6. Qa4+ Bd7 7. Bb5 Qb6 8. Bxd7+ Nxd7 9. Nd2 Qxb2 10. Rb1 Qxc3 11. Ne2 Qd3 12. dxc5 Bxc5 13. Rc1 b5 14. Qf4 0-0 15. Rc3 Qg6 16. Nb3 e5 17. Qh4 d4 18. Rxc5 Nxc5 19. 0-0 Nxb3 20. axb3 dxe3 21. fxe3 Qd3 22. Qg4 Qxe3+ 23. Kh1 f5 24. Qf3 Qxf3 25. Rxf3 Rbd8 26. h3 Rd1+ 27. Kh2 Rd2 28. Nc3 e4 29. Re3 Rd3 30. Rg3 f4 0-1

[Event "Fortaleza Alves Memorial 19th"]
[Site "Fortaleza"]
[Date "2014.05.18"]
[Round "5"]
[White "Caetano, Hugo Zanotti Mendon"]
[Black "Xavier, Lucca Lucas"]
[Result "1-0"]
[WhiteElo "2178"]
[BlackElo "2016"]
[PlyCount "63"]
[EventDate "2014.05.16"]
[EventType "swiss"]
[EventRounds "6"]
[EventCountry "BRA"]
[SourceTitle "CBM 160 Extra"]
[Source "ChessBase"]
[SourceDate "2014.07.01"]
[SourceVersion "1"]
[SourceVersionDate "2014.07.01"]
[SourceQuality "1"]

1. d4 Nf6 2. c4 e6 3. Nf3 d5 4. Nc3 h6 5. Bf4 Bd6 6. Bxd6 cxd6 7. cxd5 Nxd5 8. Nxd5 exd5 9. e3 0-0 10. Bd3 Nc6 11. 0-0 Qb6 12. b3 Nb4 13. Bb1 Bd7 14. a3 Nc6 15. Nh4 Rac8 16. Qd3 f5 17. Ng6 Rf6 18. Nf4 Ne7 19. Re1 Bb5 20. Qd1 Rc3 21. Ba2 g5 22. Qd2 Rc6 23. Nh5 Rf8 24. h4 gxh4 25. e4 Kh7 26. exd5 Nxd5 27. Re6 f4 28. Bb1+ Kg8 29. Qd1 Rc1 30. Qxc1 Qxd4 31. Qc2 Kf7 32. Qg6# 1-0